| 000 | 00351nam a22001337a 4500 | ||
|---|---|---|---|
| 008 | 250414b |||||||| |||| 00| 0 eng d | ||
| 020 | _a0023469501 | ||
| 050 |
_aHD9940 _b.G74 |
||
| 100 | _aGREENWOOD Moore Kathryn | ||
| 245 | _aFashion Innovation and Marketing | ||
| 260 |
_aNew York _bMacMillan Publishing _c1978 |
||
| 300 | _aviii, 312p. | ||
| 942 | _cBK | ||
| 999 |
_c2998 _d2998 |
||